|
|
|
|
| LEADER |
00000nam a22000007a 4500 |
| 005 |
20160503125322.0 |
| 008 |
160503s2014 bl ||||| |||| 00||0 por d |
| 020 |
|
|
|a 978-85-7789-196-2
|
| 035 |
|
|
|a 14186
|
| 040 |
|
|
|a vLex
|
| 090 |
|
|
|c 6038
|d 6038
|
| 100 |
1 |
|
|a Jos ̌Rodrigues, Deusmar
|
| 245 |
1 |
0 |
|a Manual Temt̀ico de Direito Trabalhista
|h [Recurso electrn̤ico] /
|c Deusmar Jos ̌Rodrigues
|
| 256 |
|
|
|a Servicio en ln̕ea
|
| 260 |
|
|
|a Brasil
|b JH Mizuno
|c 2014
|
| 300 |
|
|
|a 1 recurso electrn̤ico
|
| 500 |
|
|
|a Nesta obra, o leitor encontrar ̀os mais candentes temas de Direito do Trabalho, Direito Processual do Trabalho e conexos ̉r̀ea trabalhista. J ̀testada na prt̀ica dos concursos pb︢licos, nas salas de aula das universidades e na lida forense dir̀ia, garantiu excelentes resultados para quem dela se socorreu. Esperamos que voc ̊tambm̌ possa se beneficiar de seus subsd̕ios.
|
| 506 |
1 |
|
|a Contenido solo disponible en los productos indicados
|d vLex Global
|d vLex Global (Academic Edition, excluding Law Schools)
|d vLex Global (U.S. Academic Edition, Law Schools)
|d vLex Global (U.S. Academic Edition, excluding Law Schools)
|d vLex Global (Academic Edition, Law Schools)
|
| 650 |
0 |
4 |
|a Derecho
|z Brasil
|
| 740 |
0 |
|
|a vLex libros (servicio en ln̕ea)
|
| 856 |
4 |
0 |
|u http://vlex.com/source/manual-tematico-de-direito-trabalhista-14186
|z Acceso restringido
|
| 942 |
|
|
|c BOOK
|